Engineering properties of soils and their measurement / (Record no. 546597)

000 -LEADER
fixed length control field 00559mam a2200181 a 4500
020 ## - INTERNATIONAL STANDARD BOOK NUMBER
International Standard Book Number 0070067783 :
020 ## - INTERNATIONAL STANDARD BOOK NUMBER
International Standard Book Number 0071129219 (pbk) :
082 00 - DEWEY DECIMAL CLASSIFICATION NUMBER
Classification number 624.15136
Author Mark BOW
-- L-37, P-6
100 1# - MAIN ENTRY--PERSONAL NAME
Personal name Bowles, Joseph E.
9 (RLIN) 38582
245 10 - TITLE STATEMENT
Title Engineering properties of soils and their measurement /
Statement of responsibility, etc. Joseph E. Bowles.
250 ## - EDITION STATEMENT
Edition statement 4th ed.
260 ## - PUBLICATION, DISTRIBUTION, ETC.
Place of publication, distribution, etc. New York :
Name of publisher, distributor, etc. McGraw-Hill,
Date of publication, distribution, etc. c1992.
300 ## - PHYSICAL DESCRIPTION
Extent x, 241, 240 p. :
Other physical details ill. ;
Dimensions 28 cm.
526 ## - STUDY PROGRAM INFORMATION NOTE
Program name 0
Interest level 0
Reading level 0
Title point value 624_151360000000000_BOW
650 #0 - SUBJECT ADDED ENTRY--TOPICAL TERM
Topical term or geographic name entry element Soil mechanics
650 #0 - SUBJECT ADDED ENTRY--TOPICAL TERM
Topical term or geographic name entry element Soils
General subdivision Testing
9 (RLIN) 21515
942 ## - ADDED ENTRY ELEMENTS (KOHA)
Source of classification or shelving scheme
Koha item type Book
Holdings
Withdrawn status Lost status Source of classification or shelving scheme Damaged status Not for loan Permanent Location Current Location Date acquired Total Checkouts Full call number Barcode Date last seen Date last checked out Price effective from Koha item type
          Military College of Engineering (MCE) Military College of Engineering (MCE) 06/16/2014 1 624.15136 BOW MCE-28696 11/02/2015 10/16/2015 06/16/2014 Book
© 2023 Central Library, National University of Sciences and Technology. All Rights Reserved.